Score 0/10 Timer 03:00
9 Plays Today
% Correct
Tomato ketchup
95.1%
Vinaigrette
93.5%
Dijon mustard
91.8%
Pesto
89%
Tartar sauce
80.9%
Ranch dressing
79.9%
Worcestershire sauce
79.3%
Mayonnaise
78.4%
Béchamel sauce
74.2%
Béarnaise sauce
66.6%
Remove Ads.
Support Sporcle.
Get the best of Sporcle when you Go Orange. This ad-free experience offers more features, more stats, and more fun while also helping to support Sporcle. Thank you for becoming a member.

You're not logged in!

Compare scores with friends on all Sporcle quizzes.
OR
Log In

Show Comments

Extras

Top Quizzes Today


Score Distribution

Your Account Isn't Verified!

In order to create a playlist on Sporcle, you need to verify the email address you used during registration. Go to your Sporcle Settings to finish the process.

Report this User

Report this user for behavior that violates our Community Guidelines.

Details: